书目信息 |
| 题名: |
怎样品评饮食文化
|
|
| 作者: | 剑君 主编 | |
| 分册: | ||
| 出版信息: | 北京 北京燕山出版社 2006 |
|
| 页数: | 94页 | |
| 开本: | 21cm | |
| 丛书名: | 青少年文化艺术修养全书 | |
| 单 册: | ||
| 中图分类: | TS971-49 , TS971 | |
| 科图分类: | ||
| 主题词: | 饮食--文化--世界--青年读物 | |
| 电子资源: | ||
| ISBN: | 7-5402-0799-X | |
| 000 | 00861oam2 2200253 450 | |
| 001 | 1556409511 | |
| 005 | 20150122154054.03 | |
| 010 | @a7-5402-0799-X@dCNY4.80 | |
| 100 | @a20070327d2006 em y0chiy50 ea | |
| 101 | 0 | @achi |
| 102 | @aCN@b110000 | |
| 105 | @ay z 000yy | |
| 200 | 1 | @a怎样品评饮食文化@9zen yang pin ping yin shi wen hua@f剑君主编 |
| 210 | @a北京@c北京燕山出版社@d2006 | |
| 215 | @a94页@d21cm | |
| 225 | 2 | @a青少年文化艺术修养全书@v27 |
| 330 | @a本书介绍了中国饮食文化的起源与内涵、中国茶文化、酒文化、宫廷饮食文化、民间饮食文化、宗教饮食文化、中国各大菜系的特点以及中国周边地区的饮食文化等。 | |
| 461 | 0 | @12001 @a青少年文化艺术修养全书 |
| 606 | 0 | @a饮食@x文化@y世界@j青年读物 |
| 690 | @aTS971-49@v5 | |
| 690 | @aTS971@v4 | |
| 701 | 0 | @a剑君@9jian jun@f(1967.12~)@4主编 |
| 801 | 0 | @aCN@bTSSF@c20150122 |
| 905 | @aZUCC@dTS971@eJY5 | |
| 怎样品评饮食文化/剑君主编.-北京:北京燕山出版社,2006 |
| 94页;21cm.-(青少年文化艺术修养全书;27) |
| ISBN 7-5402-0799-X:CNY4.80 |
| 本书介绍了中国饮食文化的起源与内涵、中国茶文化、酒文化、宫廷饮食文化、民间饮食文化、宗教饮食文化、中国各大菜系的特点以及中国周边地区的饮食文化等。 |
| ● |
| 相关链接 |
|
|
|
|
正题名:怎样品评饮食文化
索取号:TS971/JY5
 
预约/预借
| 序号 | 登录号 | 条形码 | 馆藏地/架位号 | 状态 | 备注 |
| 1 | 7840223 | 278402239 | 学院路分馆/ [索取号:TS971/JY5] | 在馆 | |
| 2 | 7840224 | 278402248 | 学院路分馆/ [索取号:TS971/JY5] | 在馆 |